000 01281nam a2200313 a 4500
001 BRCA_5160
005 20190320204950.0
008 221110s1859----mx-######v---#000-0#spa-#
041 _aspa
044 _amx
084 _aDOC107
_b.A48
_c1859
100 1 _aÁlvarez, Juan
_d1790-1867
_913196
245 1 0 _aDocumento firmado por Juan Álvarez
_cJuan Álvarez y Juan Goroztiza.
260 _aMéxico
_c1859
300 _a[1] foja
_c31 x 21 cm
500 _aDocumento firmado en Tacubaya el 28 de marzo de 1859
500 _aÁlvarez nombra a Eduardo Goroztiza, Jefe Político del Distrito de Tacubaya
500 _aEl documento contiene la leyenda DOC. #271
500 _aAl margen: EJERCITO FEDERAL. DIVISIÓN DE OPERACIONES SOBRE EL INTERIOR. GENERAL EN GEFE
500 _aEstado de conservación: contiene rasgos de acidificación
506 0 _aFondo reservado: para su consulta es necesario credencial de usuario y carta de motivos
546 _aTexto en: español de mediados del siglo XIX
600 1 4 _aÁlvarez, Juan
_d1790-1867
_913196
650 1 4 _aDiplomacia
_vImpreso con rúbricas
_xDocumentos legales
_yFederalismo y centralismo, 1824-1853
_zMéxico
_913197
700 1 _aGoroztiza, Juan
_913198
700 1 _aGoro
_913199
902 _aFDH
942 _2lcc
_cD
999 _c4854
_d4854